Mujeres Filosofas y Sabiduria para el buen Vivir / (Registro nro. 24241)
[ vista simple ]
| 000 -LEADER | |
|---|---|
| fixed length control field | 02450nam a22002177a 4500 |
| 003 - CONTROL NUMBER IDENTIFIER | |
| control field | DO-CoUTE |
| 005 - DATE AND TIME OF LATEST TRANSACTION | |
| control field | 20260526180532.0 |
| 008 - FIXED-LENGTH DATA ELEMENTS--GENERAL INFORMATION | |
| fixed length control field | 260526b dr ||||| |||| 00| 0 spa d |
| 040 ## - CATALOGING SOURCE | |
| Original cataloging agency | DO-CoUTE |
| Language of cataloging | spa |
| Transcribing agency | DO-CoUTE |
| 082 ## - DEWEY DECIMAL CLASSIFICATION NUMBER | |
| Classification number | RD 190.082 M539m |
| 100 1# - MAIN ENTRY--PERSONAL NAME | |
| Personal name | Mendoza, Joseph |
| Relator term | Autor |
| 245 10 - TITLE STATEMENT | |
| Title | Mujeres Filosofas y Sabiduria para el buen Vivir / |
| Statement of responsibility, etc. | Joseph Mendoza |
| 260 ## - PUBLICATION, DISTRIBUTION, ETC. | |
| Place of publication, distribution, etc. | Santo Domingo, República Dominicana ; |
| Date of publication, distribution, etc. | 2024 |
| 300 ## - PHYSICAL DESCRIPTION | |
| Extent | 547 Paginas : |
| Dimensions | 23cm, |
| 504 ## - BIBLIOGRAPHY, ETC. NOTE | |
| Bibliography, etc. note | Incluye referencia bibliográfica e índice. |
| 505 ## - FORMATTED CONTENTS NOTE | |
| Formatted contents note | Capítulo I: Mujeres filósofas de la antigüedad -- Capítulo II: Sobre filosofía y varias temáticas -- Capítulo III: Filosofía, estática y danza -- Capítulo IV: Función terapéutica de la filosofía y ética médica -- Capítulo V: Ética de la enfermería, fundamento cuidar y curar -- Capítulo VI: Lectura e interpretación filosófica -- Capítulo VII: Vida, sabiduría, lo trágico y saber elegir -- Capítulo VIII: El cuerpo, la muerte y la conciencia -- Capítulo IX: Razón, felicidad y contemplación -- Capítulo X: La mujer en la sombra de la identidad perdida -- Capítulo XI: Feminismo, sexualidad y Libertad de ser -- Capítulo XII: Amor, matrimonio, memoria y olvido -- Capítulo XIII: tristeza, dolor, vejez y melancolía -- Capítulo XIV: Educación, conocimiento, ciencia y tecnología -- Capítulo XV: Internet, ciberseguridad, redes y dudas cibernética -- Capítulo XVI: Lenguaje, imaginación y empatía -- Capítulo XVII: Amistad, convivencia y justicia -- Capítulo XVIII: Pensadores notables en el lenguaje de las filósofas -- Capítulo XIX: Poesía, pensamientos y palabras -- Capítulo XX: El ser en sí y la significación del otro -- Capítulo XXI: Cerebro, moralidad, memoria y neuroética -- Capítulo XXII: Soledad y soledad -- Capítulo XXIII: Metafísica, discurso y diálogo filosófico -- Capítulo XXIV: Periodismo, humanismo, diario y comunicación no verbal -- Capítulo XXV: Confianza, desconfianza, club de los desayunos filosóficos, ver y no ver -- Capítulo XVI: Dos mujeres filosóficas: entre el silencio y el olvido. |
| 520 ## - SUMMARY, ETC. | |
| Summary, etc. | Esta obra reflexiona sobre el pensamiento filosófico de mujeres a lo largo de la historia y su vínculo con la ética del buen vivir. Una invitación al desarrollo personal desde una perspectiva de género y sabiduría práctica. |
| 650 #4 - SUBJECT ADDED ENTRY--TOPICAL TERM | |
| Topical term or geographic name entry element | Filosofía |
| 700 1# - ADDED ENTRY--PERSONAL NAME | |
| Personal name | Joseph Mendoza |
| Relator term | Autor |
| 942 ## - ADDED ENTRY ELEMENTS (KOHA) | |
| Source of classification or shelving scheme | Dewey Decimal Classification |
| Koha item type | Libros |
| Withdrawn status | Lost status | Source of classification or shelving scheme | Damaged status | Not for loan | Collection code | Home library | Current library | Shelving location | Date acquired | Inventory number | Total Checkouts | Full call number | Barcode | Date last seen | Copy number | Price effective from | Koha item type |
|---|---|---|---|---|---|---|---|---|---|---|---|---|---|---|---|---|---|
| Dewey Decimal Classification | Colección Dominicana | Biblioteca UTECO | Biblioteca UTECO | En Estantería | 05/26/2026 | 023757 | RD 190.082 M539m | 023757 | 05/26/2026 | Ej.1 | 05/26/2026 | Libros |
